Wszystkie utwory 3xKlan - Statystyki

Ogólne statystyki
  • Ten quiz został rozwiązany 9 razy
    5 od ostatniego zresetowania
  • Średni wynik to 4 z 23
Statystyki odpowiedzi
Album Odpowiedź % Poprawnych
Dom Pełen Drzwi Dom Pełen Drzwi
50%
Dom Pełen Drzwi Pozytywka
50%
Księga Tajemnicza. Prolog (feat. u Kalibra) Psychodela
50%
Dom Pełen Drzwi Bestia w Klatce
25%
Dom Pełen Drzwi Dlaczego Mnie Nie Kochasz?
25%
Dom Pełen Drzwi Human Bit
25%
Demo 1995r. Koszmar
25%
Dom Pełen Drzwi ohtaM zemadaR
25%
Demo 1995r. Spacer Po Linie
25%
Demo 1995r. Strach
25%
Klan CD#02 1997r. Tunel
25%
Dom Pełen Drzwi Zielona Relacja
25%
Dom Pełen Drzwi Ci!
0%
Wspólna Scena 1997r. Jak To Się Stało Że Przegapiłem Swoje Dzieciństwo
0%
Dom Pełen Drzwi Łza Wyobraźni
0%
Dom Pełen Drzwi Olewały Go
0%
Dom Pełen Drzwi Olewały Go (Remix)
0%
Dom Pełen Drzwi Pa-S-Tartowy
0%
Dom Pełen Drzwi Perfekt
0%
Demo 1995r. Postacie W Kapturach
0%
Dom Pełen Drzwi Rymologia
0%
Demo 1995r. Sen
0%
Dom Pełen Drzwi Weź Już Nie Smuć
0%
Nie znaleziono quizów pasujących do podanych kryteriów
Rozkład punktacji
Procent ludzi z każdym wynikiem
Percentyl według liczby udzielonych odpowiedzi
Twoja historia wyników
Nie rozwiązałeś tego quizu od ostatniego zresetowania